| 000 | 00710nam a22002057a 4500 | ||
|---|---|---|---|
| 005 | 20250612152624.0 | ||
| 010 | _aENG-145318 | ||
| 020 |
_a9789390917082 _c850.00 |
||
| 035 | _aEN-128850 | ||
| 037 | _bDBAD | ||
| 082 | _a355.0330824 | ||
| 245 |
_a1982 UNCLOS: Perspectives from the Indian Ocean/ _cEdited by Nutan Kapoor Mahawar; Vijay Sajhuja [and] Pragya Pandey |
||
| 260 |
_aNew Delhi _bVij Books India Pvt Ltd _c2016 |
||
| 270 | _a2/19,Ansari Road Delhi-110002 | ||
| 300 |
_axix,254p. _c24cm. (Hb) |
||
| 700 |
_aMahawar, Nutan Kapoor _eEditor _981959 |
||
| 700 |
_aSajhuja, Vijay _eEditor _981960 |
||
| 700 |
_aPandey, Pragya _eEditor _981961 |
||
| 942 |
_2ddc _cEN _h355.0330824 _mUNC |
||
| 999 |
_c211774 _d211774 |
||